000
00313nam a2200121Ia 4500
008
190216s9999||||xx |||||||||||||| ||und||
100
_a
Barber C L
245
4
_a
The Story Of Langauge
260
_b
The English Language Book Society
_c
1964
300
_a
294p
650
_a
English Story-English Story
942
_c
BK
999
_c
12886
_d
12886